000 00316nam a2200133Ia 4500
008 151001s9999||||xx |||||||||||||| ||und||
100 _aअविनाश भट्ट
245 _aट्रिपल
250 _a1
260 _bपुण्य
260 _c2000
300 _a280
365 _b21
999 _c978136
_d978133